Normal view
MARC view
- Scottish Rural Property and Business Association
Entry Corporate Name
001 - CONTROL NUMBER
- control field: 4996
003 - CONTROL NUMBER IDENTIFIER
- control field: SIRSI
005 - DATE AND TIME OF LATEST TRANSACTION
- control field: 20190806150239.0
008 - FIXED-LENGTH DATA ELEMENTS
- fixed length control field: 060731n| aaannaabn |n ana d
040 ## - CATALOGING SOURCE
- Original cataloging agency: OSt
- Transcribing agency: OSt
110 2# - HEADING--CORPORATE NAME
- Corporate name or jurisdiction name as entry element: Scottish Rural Property and Business Association
670 ## - SOURCE DATA FOUND
- Source citation: Water supplies - new rules, 2006